| 000 | 00910nam a2200241 a 4500 | ||
|---|---|---|---|
| 001 | 000041616 | ||
| 003 | DO-SdBNP | ||
| 005 | 20220221083759.0 | ||
| 008 | 131014s1989 sp 000 0 spa d | ||
| 020 | _a8400069668 | ||
| 040 |
_aDO-SdBNP _bspa _cBNPHU |
||
| 082 |
_axxx _bB932f |
||
| 100 | 1 |
_aBujosa Homar, Francesc. _968394 |
|
| 245 | 1 | 0 |
_aFilosofía e historiografía médica en España : _blos supuestos epistemológicos de los historiadores clásicos de la medicina española / _cFrancesc Bujosa Homar. |
| 260 |
_aMadrid : _bConsejo Superior de Investigaciones Científicas, _c1989. |
||
| 300 |
_axv, 239 p. ; _c21 cm. |
||
| 490 | 1 |
_aEstudios sobre la ciencia _v9 |
|
| 504 | _aIncluye referencias bibliográficas y notas al pie de las páginas. Bibliografía: p. 215-230 | ||
| 590 | _ainventariado, 2022 / DG | ||
| 830 | 0 |
_aEstudios sobre la ciencia _n9 _968395 |
|
| 910 | _aDG | ||
| 942 |
_2ddc _cLBS1 |
||
| 999 |
_c41106 _d41106 |
||